Quiz o Grudniu '70 - Statystyki

Ogólne statystyki
  • Ten quiz został rozwiązany 47 razy
  • Średni wynik to 7 z 19
Statystyki odpowiedzi
Hint Odpowiedź % Poprawnych
W jakich miejscowościach odbywały się najważniejsze strajki?(wybrzeże) Gdańsk, Gdynia, Szczecin, Elbląg, Słupsk
100%
Kto go zastąpił pod koniec roku? Edward Gierek
71%
Jak nazywał się I sekretarz PZPR w czasie Grudnia '70? Władysław Gomułka
68%
Jak nazywał się młodzieniec, zastrzelony przez wojsko i MO w Gdyni, symbol Grudnia '70? Janek Wiśniewski
65%
W jakim mieście nastąpił strajk włókniarek na początku przyszłego roku, będący również następstwem podwyżki cen? Łódź
55%
Kiedy nastąpił pierwszy strajk? 14 grudnia, poniedziałek
45%
Jaka była przyczyna wybuchu zamieszek? Wprowadzenie podwyżki cen
45%
W okolicy którego przystanku SKM Trójmiasto ostrzelano robotników idących spokojnie do pracy 17 grudnia o świcie? Gdynia Stocznia
42%
Jak potocznie określa się wydarzenia m.in. w Gdyni z 17 grudnia? Czarny czwartek
39%
Jak naprawdę się nazywał? Zbigniew Godlewski
39%
Kiedy nastąpiła? 12 grudnia
32%
W jakich dwóch innych miastach poza wybrzeżem odbyły się największe strajki? Wałbrzych, Kraków
32%
Jak nazywał się w wicepremier, który 16 grudnia w telewizji skutecznie nawoływał robotników do powrotu do pracy następnego dnia? Stanisław Kociołek
29%
Ile osób zmarło w wyniku protestów? (w przybliżeniu, chociaż dokładna liczba ofiar nie jest znana) 45
23%
Gdzie się wydarzył? Stocznia Gdańska im. Lenina
19%
Ile (około) ludzi strajkowało w całej Polsce? 20 tysięcy
10%
Od kiedy do kiedy trwał strajk w Szczecinie? 18-22 grudnia
6%
Jak potocznie określa się Szczecin i okolice w czasie trwania strajku? Republika Szczecińska
6%
Jak nazywał się człowiek, który wypowiedział te słowa? ,,Z kontrrewolucją się nie rozmawia, do kontrrewolucji się strzela'' Zenon Kliszko
6%
Nie znaleziono quizów pasujących do podanych kryteriów
Rozkład punktacji
Procent ludzi z każdym wynikiem
Percentyl według liczby udzielonych odpowiedzi
Twoja historia wyników
Nie rozwiązałeś tego quizu